000 00430nam a2200157 i 4500
001 70821
003 ES-MaACL
005 20230906170931.0
007 t|
008 040803s1961 sp ||||1| spa d
100 1 _aGarrido Pallardó, F.
_955721
245 1 0 _aJerónimo Rosaleda
_b: novela /
_cF. Garrido Pallardo.
260 _aFigueras :
_bCanigó,
_c1961.
300 _a271 p. ;
_c22 cm.
852 _aES-MaACL
_jE-2424
_bR.47809
999 _c70821
_d70821